| 000 | 00362nam a22001457a 4500 | ||
|---|---|---|---|
| 003 | NUST - PNEC | ||
| 005 | 20170116181113.0 | ||
| 008 | 151004b xxu||||| |||| 00| 0 eng d | ||
| 040 | _cLIBRARY | ||
| 082 | _a670.285 SIN | ||
| 100 |
_913043 _aSingh, Sadhu |
||
| 245 |
_aComputer aided design and manufacturing _cSingh, Sadhu |
||
| 260 | _c1998 | ||
| 942 |
_2ddc _cBK |
||
| 999 |
_c69206 _d69206 |
||